|
|
|
|
| LEADER |
00000nab#a22000007a#4500 |
| 001 |
arbauad038922 |
| 003 |
AR-BaUAD |
| 005 |
20250711113036.0 |
| 008 |
990811|||||||||###||||||b###|0###a|spa|| |
| 040 |
|
|
|a AR-BaUAD
|c AR-BaUAD
|b spa
|
| 100 |
|
|
|a Landström, U.
|
| 245 |
|
|
|a Sound exposure as a measure against driver drowsiness /
|c U. Landström; K. Englund; B. Nordström; A. Åström;
|
| 300 |
0 |
|
|b fot., gráf.
|
| 653 |
|
|
|a AUTOMOVILES
|
| 653 |
|
|
|a MANEJO
|
| 653 |
|
|
|a RUIDO
|
| 653 |
|
|
|a SEGURIDAD
|
| 653 |
|
|
|a ERGONOMIA
|
| 653 |
|
|
|a DISEÑO INDUSTRIAL
|
| 700 |
1 |
|
|a Englund, K.
|
| 700 |
1 |
|
|a Nordström, B.
|
| 700 |
1 |
|
|a Åström, A.
|
| 773 |
0 |
|
|t ERGONOMICS
|g no. 7 [jul. 1999], p. 927-937
|
| 942 |
|
|
|c ARTI
|
| 952 |
|
|
|0 0
|1 0
|4 0
|7 0
|9 83841
|a AR-BAuAD
|b AR-BAuAD
|d 2025-07-11
|l 0
|p AAQA038922
|r 2025-07-11 11:30:36
|w 2025-07-11
|y ARTI
|
| 990 |
|
|
|a DI199
|b TD
|
| 998 |
|
|
|a AAQ
|b BIBUN76
|
| 999 |
|
|
|c 63514
|d 63514
|